| 000 | 01194nam a22002657a 4500 | ||
|---|---|---|---|
| 003 | UA-OsUOA | ||
| 001 | 135893 | ||
| 007 | ta | ||
| 008 | 20190223b un ||||| |||| 00| 0 ukr d | ||
| 100 | _aЯкименко О. В. | ||
| 090 |
_a82.09(477) _bЯ45 |
||
| 942 | _cBK | ||
| 040 |
_aUA-OsUOA _bukr _cUA-OsUOA _dUA-OsUOA |
||
| 245 |
_aНаталя Романович-Ткаченко (1884 - 1933). Літературний портрет _bмонографія |
||
| 300 | _a227 с. | ||
| 955 | _a1 | ||
| 041 | _aukr | ||
| 080 | _a82.09(477) | ||
| 020 | _a978-617-7446-02-5 | ||
| 591 | _aЯкименко О. В. | ||
| 520 | 3 | _aЗміст1. Генеза та естетична природа хдожнього мислення Наталі Романович-Ткаченко2. Проблема і поетика малої прози Наталі Романович-Ткаченко3. Художнє осягнення радянської епохи у творчості Наталі Романович-Ткаченко 20-х рр. ХХ ст. | |
| 260 |
_aК. _bЛогос _c2018 |
||
| 650 | 7 |
_a82 Література. Літературознавство _2UDC |
|
| 999 |
_c419526 _d419526 |
||